Die Bibliothek des Dichters Nicolaus Zrinyi : ein Beitrag zur Zrinyi - Literatur : mit literar-historischer Einleitung.
Uložené v:
| Médium: | Kniha |
|---|---|
| Jazyk: | German |
| Vydané: |
Wien :
S. Kende,
1893.
|
| Vydanie: | 1. Aufl. |
| ISBN: |
(brož.) |
| Fyzický popis: |
88 s. ; 8°. |
| Tagy: |
Pridať tag
Žiadne tagy, Buďte prvý kto otaguje tento záznam!
|
Titul je dostupný aj v ... 

MARC
| LEADER | 00000nam a22000001a 4500 | ||
|---|---|---|---|
| 001 | 000470430 | ||
| 005 | 20150521190500.0 | ||
| 008 | 100529s1893 au e ger d | ||
| 020 | |a (brož.) |c Kčs 6,00 | ||
| 040 | |a SVKKK |b slo |c SVKKK |e AACR2 | ||
| 041 | 0 | |a ger | |
| 044 | |a au |c AT | ||
| 245 | 1 | 4 | |a Die Bibliothek des Dichters Nicolaus Zrinyi : |b ein Beitrag zur Zrinyi - Literatur : mit literar-historischer Einleitung. |
| 250 | |a 1. Aufl. | ||
| 260 | |a Wien : |b S. Kende, |c 1893. | ||
| 300 | |a 88 s. ; |c 8°. | ||
| 910 | |a svkkk | ||
| 998 | |a BK | ||
| 090 | |g SCKHL |k Sklad Pribinova 1. posch. |a IV.33295 |j 344555 |i 470430-10 |s Prezenčne | ||